The Remote Countries of Reading (notice n° 1821052)

détails MARC
000 -LEADER
fixed length control field 01042cam a2200217 4500500
005 - DATE AND TIME OF LATEST TRANSACTION
control field 20260329003046.0
041 ## - LANGUAGE CODE
Language code of text/sound track or separate title fre
042 ## - AUTHENTICATION CODE
Authentication code dc
100 10 - MAIN ENTRY--PERSONAL NAME
Personal name Petit, Michèle
Relator term author
245 00 - TITLE STATEMENT
Title The Remote Countries of Reading
260 ## - PUBLICATION, DISTRIBUTION, ETC.
Date of publication, distribution, etc. 2004.<br/>
500 ## - GENERAL NOTE
General note 97
520 ## - SUMMARY, ETC.
Summary, etc. The study of readers’ practices in places where reading is not simple could lead us to think that they praise remote lands. It is indeed by opening up to an elsewhere, to a space other than the everyday life, that readers can enrich some part or other of their imaginary world in a quite personal way. This question somehow contradicts the craze of geographers for the local and their high valuation of the near.
690 ## - LOCAL SUBJECT ADDED ENTRY--TOPICAL TERM (OCLC, RLIN)
Topical term or geographic name as entry element exclusion
690 ## - LOCAL SUBJECT ADDED ENTRY--TOPICAL TERM (OCLC, RLIN)
Topical term or geographic name as entry element individualization
690 ## - LOCAL SUBJECT ADDED ENTRY--TOPICAL TERM (OCLC, RLIN)
Topical term or geographic name as entry element reading
690 ## - LOCAL SUBJECT ADDED ENTRY--TOPICAL TERM (OCLC, RLIN)
Topical term or geographic name as entry element remote lands
690 ## - LOCAL SUBJECT ADDED ENTRY--TOPICAL TERM (OCLC, RLIN)
Topical term or geographic name as entry element spacial segregation
786 0# - DATA SOURCE ENTRY
Note Ethnologie française | 34 | 4 | 2004-12-01 | p. 609-615 | 0046-2616
856 41 - ELECTRONIC LOCATION AND ACCESS
Uniform Resource Identifier <a href="https://shs.cairn.info/journal-ethnologie-francaise-2004-4-page-609?lang=en&redirect-ssocas=7080">https://shs.cairn.info/journal-ethnologie-francaise-2004-4-page-609?lang=en&redirect-ssocas=7080</a>

Pas d'exemplaire disponible.

PLUDOC

PLUDOC est la plateforme unique et centralisée de gestion des bibliothèques physiques et numériques de Guinée administré par le CEDUST. Elle est la plus grande base de données de ressources documentaires pour les Étudiants, Enseignants chercheurs et Chercheurs de Guinée.

Adresse

627 919 101/664 919 101

25 boulevard du commerce
Kaloum, Conakry, Guinée

Réseaux sociaux

Powered by Netsen Group @ 2025